Subtropical fruit pest
Guardat en:
| Autor principal: | |
|---|---|
| Format: | Llibre |
| Idioma: | anglès |
| Publicat: |
Berkeley
University of California
1959
|
| Matèries: | |
| Etiquetes: |
Afegir etiqueta
Sense etiquetes, Sigues el primer a etiquetar aquest registre!
|
MARC
| LEADER | 00000nam a2200000 a 4500 | ||
|---|---|---|---|
| 001 | UCR3044 | ||
| 003 | CL-VaPUC | ||
| 008 | 980123e19590000us |||||||||||||||||eng|d | ||
| 082 | 0 | 4 | |a 632.7 |b EBE |2 21 |
| 100 | 0 | |a Ebeling, Walter |e author |9 401799 | |
| 245 | 1 | 0 | |a Subtropical fruit pest |
| 300 | |a 436 p | ||
| 942 | |c BK | ||
| 945 | |d 19980123 00:00:00 |a jquezada | ||
| 260 | |a Berkeley |b University of California |c 1959 | ||
| 650 | 0 | |a Control de plagas |9 327373 | |
| 650 | 0 | |a Fruticultura |9 259678 | |
| 650 | 0 | |a Patología vegetal |9 325426 | |
| 650 | 0 | |a Control biológico |9 338554 | |
| 650 | 0 | |a Enfermedades de las plantas |9 259687 | |
| 650 | 0 | |a Fitopatología |9 340456 | |
| 650 | 0 | |a Control biológico |9 338554 | |
| 650 | 0 | |a Insectos |9 264174 | |
| 583 | |a last modification |c 20171220 05:48:51 |k Rodrigo Vera | ||
| 999 | |c 266156 |d 266154 | ||